Đầu tư nước ngoài của Nhật Bản và sự phụ thuộc kinh tế lẫn nhau ở Châu á Các hệ thống sản xuất, mậu dịch và tài chính

Spremljeno u:
Bibliografski detalji
Glavni autor: Đầu tư nước ngoài của Nhật Bản và sự phụ thuộc kinh tế lẫn nhau ở Châu á
Format: Knjiga
Jezik:Undetermined
Izdano: Hà Nội KHXH 1996
Teme:
Oznake: Dodaj oznaku
Bez oznaka, Budi prvi tko označuje ovaj zapis!
Thư viện lưu trữ: Trung tâm Học liệu Trường Đại học Cần Thơ
LEADER 00909nam a2200181Ia 4500
001 CTU_12350
008 210402s9999 xx 000 0 und d
082 |a 330.95 
082 |b Đ125 
100 |a Đầu tư nước ngoài của Nhật Bản và sự phụ thuộc kinh tế lẫn nhau ở Châu á 
245 0 |a Đầu tư nước ngoài của Nhật Bản và sự phụ thuộc kinh tế lẫn nhau ở Châu á 
245 0 |b Các hệ thống sản xuất, mậu dịch và tài chính 
245 0 |c Đầu tư nước ngoài của Nhật Bản và sự phụ thuộc kinh tế lẫn nhau ở Châu á; Biên soạn: Shojro Tokunaga 
260 |a Hà Nội 
260 |b KHXH 
260 |c 1996 
650 |a economic geography,international economic relations 
980 |a Trung tâm Học liệu Trường Đại học Cần Thơ